LEADER 01494nam a2200289 u 4500 001 000000114213 003 CaOOAMICUS 005 20090424112120.0 008 090114s2008 vc u000 u spa r 020 $z978-88-465-0646-7* 040 $aPUL$bita$dLDB 100 1 $aAbelenda, Virginia.$0(OLS)http://pul/name/70444 245 10$aTradición de la Lex Romana Wisigothorum en la Peninsula Ibérica /$cVirginia Abelenda. 260 $aCittŕ del Vaticano :$bLateran University Press,$cc2008. 300 $a63 p. ;$c21 cm 490 1 $aQuaderni di diritto romano ;$v06 502 $aDiss. (Post Doct.)--Institutum Utriusque Iuris--Pontificia Universitŕ Lateranense, 2008. 504 $aInclude riferimenti bibliografici. 630 04$aLex Romana Visigothorum$xCritica, interpretazione, ecc.$0(OLS)http://pul/subject/34956 830 0$aQuaderni di diritto romano ;$v06.$0(OLS)http://pul/title/134115 850 $aPUL 852 $aPUL$W1$xSL Diritto e Scienze Sociali 3$y79$m340. 5 COLL 1.6$j130514$qDDC 21$B129587$CPULBib$Z2$F129587 $H109166 $82 852 $aPUL$W1$xDP1 Tesi Pon Univ. Lateranense$y41$m2008 E 16$j132151$qTesi$B131146$CPULBib$Z2$F131146 $82 941 1 $a9 996 $6020$z978-88-465-0646-7*$9(OLS)http://pul/number/139399 996 $6245$aTradición de la Lex Romana Wisigothorum en la Peninsula Ibérica$9(OLS)http://pul/title/143542 996 $6260$aCittŕ del Vaticano :$bLateran University Press$9(OLS)http://pul/publisher/74585 LEADER 01251nam a2200313 u 4500 001 000000066742 003 CaOOAMICUS 005 20070226121617.0 008 020123s1982 gw u000 u ger u 020 $a3170075063 035 $a10917705 040 $aPUL(R)$bita 245 10$aOrthodoxie und Pietismus /$cMartin Greschat (Hrsg.) 260 $aStuttgart :$bW. Kohlhammer,$cc1982. 300 $a394 p., [18] c. di tav. :$bill. ;$c24 cm 490 1 $aGestalten der Kirchengeschichte ;$vBd. 7 500 $aComprende indice. 504 $aBibliografia in nota. 650 4$aPietismo.$0(OLS)http://pul/subject/2606 650 4$aOrtodossia.$0(OLS)http://pul/subject/9231 700 1 $aGreschat, Martin,$d1934-2017.$0(OLS)http://pul/name/35349 830 0$aGestalten der Kirchengeschichte ;$vBd. 7.$0(OLS)http://pul/title/88579 850 $aPUL 852 $aPUL$W1$xSL Filosofia 1$y2$m105(1) F 7$j86316$nBK-PRI$b $qStampati$B86316$CPULBib$Z2$F86316 $H $81 941 1 $a8 961 $aINV: 53287 996 $6020$a3170075063$9(OLS)http://pul/number/86577 996 $6245$aOrthodoxie und Pietismus$9(OLS)http://pul/title/88588 996 $6260$aStuttgart :$bW. Kohlhammer$9(OLS)http://pul/publisher/48214